[Event "67. BEM 2013"]
[Site "Dortmund"]
[Date "2013.02.21"]
[Round "3.8"]
[White "Raskin, Vitali"]
[Black "Sonntag, Joachim"]
[Result "0-1"]
[WhiteElo "1671"]
[BlackElo "1799"]
[PlyCount "120"]
[EventDate "2013.??.??"]
[Source "SG Dortmund"]
[SourceDate "2004.12.16"]

1. d4 d5 2. c4 c6 3. Nf3 Nf6 4. Nc3 e6 5. Bg5 Nbd7 6. e3 Bb4 7. a3 Bxc3+ 8.
bxc3 Qa5 9. Qc2 Ne4 10. Bf4 Ndf6 11. Bd3 Qxc3+ 12. Qxc3 Nxc3 13. cxd5 exd5 14.
Rc1 Nce4 15. Ne5 Nh5 16. f3 Nxf4 17. exf4 Nd6 18. Kf2 O-O 19. Rhe1 Re8 20. Rb1
f6 21. Ng4 Rxe1 22. Rxe1 Bf5 23. Bf1 Kf7 24. Ne3 Bd7 25. g4 a6 26. a4 Rb8 27.
h4 b5 28. Rb1 Rc8 29. Ra1 Ke7 30. Bd3 Nc4 31. axb5 axb5 32. Ra7 Nxe3 33. Kxe3
Kd6 34. h5 Rb8 35. Bxh7 b4 36. Bb1 Re8+ 37. Kd2 Rh8 38. Rb7 f5 39. gxf5 Rxh5
40. Rxb4 c5 41. Rb6+ Bc6 42. dxc5+ Kxc5 43. Rb8 Kd4 44. Rb4+ Kc5 45. Rb8 Rh2+
46. Kc1 Kd4 47. Bc2 Ke3 48. Rg8 Rh7 49. f6 Rh1+ 50. Kb2 gxf6 51. Rg6 Rh2 52.
Kb3 d4 53. Rxf6 Bd5+ 54. Kb2 d3 55. Kb1 dxc2+ 56. Kc1 Bxf3 57. Rf8 Be4 58. Rc8
Rh1+ 59. Kb2 Kd2 60. Rd8+ Bd3 0-1

[Event "67. BEM 2013"]
[Site "Dortmund"]
[Date "2013.02.21"]
[Round "3.9"]
[White "Schmock, Sven"]
[Black "Benke, Werner"]
[Result "1-0"]
[WhiteElo "1779"]
[BlackElo "1457"]
[PlyCount "83"]
[EventDate "2013.??.??"]
[Source "SG Dortmund"]
[SourceDate "2004.12.16"]

1. e4 c5 2. Bc4 d6 3. c3 Nf6 4. d3 e6 5. Bg5 Be7 6. Nd2 Nbd7 7. Ne2 b6 8. Qb3
Ne5 9. Bb5+ Bd7 10. f4 Nc6 11. Bxf6 Bxf6 12. O-O a6 13. Bxc6 Bxc6 14. Ng3 g6
15. Rae1 O-O 16. Qd1 Bh4 17. Re3 Bxg3 18. Rxg3 f5 19. Qh5 Qf6 20. Qh6 Ra7 21.
h4 Qg7 22. Qg5 Qf6 23. h5 Qxg5 24. Rxg5 Kf7 25. Nc4 fxe4 26. Nxd6+ Ke7 27. Nxe4
Bxe4 28. dxe4 gxh5 29. Rxh5 Rf7 30. g3 Rd7 31. Rf2 Rd1+ 32. Kg2 Rg7 33. e5 Rd3
34. Rh3 Kf7 35. Rc2 Kg8 36. Kh2 Rgd7 37. Rh6 Rd2+ 38. Rxd2 Rxd2+ 39. Kh3 Rxb2
40. Rxe6 b5 41. Rxa6 Rc2 42. Ra5 1-0

[Event "67. BEM 2013"]
[Site "Dortmund"]
[Date "2013.02.21"]
[Round "3.10"]
[White "Simon, Thomas"]
[Black "Gennat, Egon L"]
[Result "1-0"]
[WhiteElo "1778"]
[BlackElo "1455"]
[PlyCount "45"]
[EventDate "2013.??.??"]
[Source "SG Dortmund"]
[SourceDate "2004.12.16"]

1. Nf3 c5 2. e4 Nc6 3. Bb5 a6 4. Bxc6 dxc6 5. h3 Nf6 6. d3 c4 7. e5 Nd5 8. dxc4
Nb4 9. Qxd8+ Kxd8 10. Na3 c5 11. Be3 b6 12. O-O-O+ Kc7 13. c3 Nc6 14. Bf4 e6
15. Ng5 Nd8 16. Rxd8 Kxd8 17. Nxf7+ Ke7 18. Nxh8 Bb7 19. Bg5+ Ke8 20. f3 Be7
21. h4 Bc6 22. Rd1 Bd7 23. Bxe7 1-0

[Event "67. BEM 2013"]
[Site "Dortmund"]
[Date "2013.02.21"]
[Round "3.11"]
[White "Duschek, Günter"]
[Black "Schulz-Runge, Michael"]
[Result "1/2-1/2"]
[WhiteElo "1488"]
[BlackElo "1751"]
[PlyCount "53"]
[EventDate "2013.??.??"]
[Source "SG Dortmund"]
[SourceDate "2004.12.16"]

1. d4 d5 2. Bf4 Bf5 3. e3 Nf6 4. Bd3 e6 5. Nf3 h6 6. Bxf5 exf5 7. c3 Nbd7 8.
Qd3 Ne4 9. Qb5 g5 10. Bg3 {(=)} 10... f4 11. exf4 Nxg3 12. hxg3 Qe7+ 13. Kd1
O-O-O 14. Re1 Qf6 15. Ne5 Nb6 16. Qe2 h5 17. fxg5 Qg7 18. Qf3 Bd6 19. Qf6 Bxe5
20. Rxe5 Qg8 21. Qf5+ Kb8 22. Nd2 h4 23. Nf1 Nc4 24. Re2 Rh5 25. gxh4 Rxh4 26.
Kc2 Nd6 27. Qd3 {(=)} 1/2-1/2

[Event "67. BEM 2013"]
[Site "Dortmund"]
[Date "2013.02.21"]
[Round "3.12"]
[White "Cogan, Leonid"]
[Black "Reker, Gerhard"]
[Result "1-0"]
[WhiteElo "1725"]
[BlackElo "864"]
[PlyCount "99"]
[EventDate "2013.??.??"]
[Source "SG Dortmund"]
[SourceDate "2004.12.16"]

1. e4 e5 2. Nf3 Nc6 3. Bb5 Nd4 4. Nxd4 exd4 5. O-O Bc5 6. d3 Nf6 7. e5 Nd5 8.
Qg4 O-O 9. Bh6 g6 10. Bxf8 Qxf8 11. Nd2 d6 12. Qe2 Bf5 13. Bc4 Nb6 14. Bb3 Re8
15. f4 dxe5 16. fxe5 Rxe5 17. Qxe5 Bb4 18. Ne4 Bxe4 19. Qxe4 c6 20. Qxd4 Bc5
21. Qxc5 Qxc5+ 22. Kh1 a5 23. Rxf7 a4 24. Rf5+ Nd5 25. Bxd5+ cxd5 26. Rf3 Qxc2
27. b3 Qb2 28. Raf1 a3 29. R3f2 Qc3 30. Rd1 Qd4 31. Kg1 b5 32. Kf1 Qh4 33. g3
Qh5 34. Re1 Qh3+ 35. Kg1 b4 36. Re5 d4 37. Re4 Qd7 38. Rc2 Qa7 39. Rc4 Qb6 40.
Rcxd4 Qc5 41. Rf4 Qc1+ 42. Kg2 Qc2+ 43. Rf2 Qc6+ 44. Re4 Qc3 45. d4 Qd3 46.
Rfe2 Qb5 47. Re5 Qb7+ 48. d5 h5 49. Re8+ Kg7 50. R2e7+ 1-0

[Event "67. BEM 2013"]
[Site "Dortmund"]
[Date "2013.02.21"]
[Round "3.13"]
[White "Jentzsch, Werner Wilfried"]
[Black "Tekin, Baran"]
[Result "0-1"]
[WhiteElo "1393"]
[BlackElo "1709"]
[PlyCount "98"]
[EventDate "2013.??.??"]
[Source "SG Dortmund"]
[SourceDate "2004.12.16"]

1. d4 g6 2. e4 d6 3. Nf3 Bg7 4. c4 Nf6 5. Nc3 O-O 6. Be2 e5 7. dxe5 dxe5 8.
Qxd8 Rxd8 9. Bg5 Nbd7 10. Nd5 c6 11. Nc7 Rb8 12. O-O-O Rf8 13. Nd2 h6 14. Be3
b6 15. f3 Bb7 16. c5 Nxc5 17. Bxc5 bxc5 18. Na6 Bxa6 19. Bxa6 Rb6 20. Bc4 Rfb8
21. b3 Nh5 22. g3 Rd8 23. Nb1 Rd4 24. Nc3 Rb7 25. Ne2 Rdd7 26. Rd2 Bf6 27. Rxd7
Rxd7 28. Rd1 Bg5+ 29. Kc2 Rxd1 30. Kxd1 Kf8 31. Kc2 Ke7 32. Kd3 Ng7 33. Nc3 Ne6
34. Bxe6 Kxe6 35. Kc4 Kd6 36. Ne2 Be3 37. Nc3 f5 38. h3 h5 39. exf5 gxf5 40. g4
hxg4 41. hxg4 e4 42. gxf5 exf3 43. Kd3 Bd4 44. Ne4+ Ke5 45. f6 c4+ 46. bxc4 f2
47. Nxf2 Bxf2 48. f7 Bc5 49. Kc3 Ke6 0-1

[Event "67. BEM 2013"]
[Site "Dortmund"]
[Date "2013.02.21"]
[Round "3.14"]
[White "Ziemek, Gerhard"]
[Black "Schmidt, Andreas N"]
[Result "1-0"]
[WhiteElo "1692"]
[BlackElo "915"]
[PlyCount "27"]
[EventDate "2013.??.??"]
[Source "SG Dortmund"]
[SourceDate "2004.12.16"]

1. d4 d5 2. e4 dxe4 3. Nc3 Bf5 4. f3 exf3 5. Nxf3 e6 6. Bc4 Nf6 7. O-O Bd6 8.
Bg5 O-O 9. Qd2 Be4 10. Rae1 Bb4 11. Bxf6 Qxf6 12. Rxe4 Nc6 13. Qe3 b6 14. Ne5
1-0

[Event "67. BEM 2013"]
[Site "Dortmund"]
[Date "2013.02.21"]
[Round "3.15"]
[White "Winkler, Harald"]
[Black "Simon, Stefan"]
[Result "1/2-1/2"]
[WhiteElo "1323"]
[BlackElo "1440"]
[PlyCount "52"]
[EventDate "2013.??.??"]
[Source "SG Dortmund"]
[SourceDate "2004.12.16"]

1. e4 c5 2. d4 cxd4 3. Qxd4 Nc6 4. Qd1 e5 5. Nc3 Nf6 6. Nf3 Bb4 7. Bg5 O-O 8.
Bd3 h6 9. Bd2 d5 10. Nxd5 Bxd2+ 11. Qxd2 Nxd5 12. exd5 Qxd5 13. Qe2 Bg4 14. Be4
Qa5+ 15. Qd2 Qxd2+ 16. Nxd2 Rac8 17. c3 Rfd8 18. Nb3 Rd6 19. O-O Rcd8 20. f3
Be6 21. Bc2 b6 22. Rfd1 Ne7 23. Rxd6 Rxd6 24. Rd1 Rxd1+ 25. Bxd1 Nd5 26. Kf2
Nf4 1/2-1/2

[Event "67. BEM 2013"]
[Site "Dortmund"]
[Date "2013.02.21"]
[Round "3.16"]
[White "Rzoczek, Christoph"]
[Black "Lassek, Harald"]
[Result "1-0"]
[WhiteElo "1513"]
[BlackElo "1290"]
[PlyCount "69"]
[EventDate "2013.??.??"]
[Source "SG Dortmund"]
[SourceDate "2004.12.16"]

1. f4 Nf6 2. d3 Nc6 3. Nf3 d6 4. e4 e5 5. Be2 Bd7 6. O-O Qe7 7. Nc3 O-O-O 8. a4
d5 9. fxe5 Nxe5 10. Nxe5 Qxe5 11. Bf4 Qd4+ 12. Kh1 dxe4 13. dxe4 Bc6 14. Qxd4
Rxd4 15. Be3 Rd8 16. Bxa7 Rd2 17. Bd3 Bd6 18. Be3 Rxd3 19. cxd3 Ng4 20. Bg1 f6
21. d4 h5 22. h3 Bd7 23. Rf3 c6 24. a5 Kd8 25. a6 bxa6 26. Rxa6 Ke7 27. Ne2 g5
28. Ng3 h4 29. Nf5+ Bxf5 30. exf5 Nh6 31. Ra7+ Kf8 32. d5 cxd5 33. Rc3 Kg8 34.
Rc8+ Bf8 35. Bc5 1-0

[Event "67. BEM 2013"]
[Site "Dortmund"]
[Date "2013.02.21"]
[Round "3.17"]
[White "Böckmann, Lieselotte"]
[Black "Koch, Detlev"]
[Result "1/2-1/2"]
[WhiteElo "938"]
[BlackElo "1312"]
[PlyCount "110"]
[EventDate "2013.??.??"]
[Source "SG Dortmund"]
[SourceDate "2004.12.16"]

1. c4 Nf6 2. Nf3 d6 3. Nc3 c5 4. d3 g6 5. a3 Bg7 6. h3 O-O 7. e4 Nc6 8. Be3 Nd7
9. Rc1 Nd4 10. Nd2 f5 11. Bxd4 Bxd4 12. Nf3 Bg7 13. Be2 Ne5 14. Nxe5 Bxe5 15.
O-O e6 16. f4 Bd4+ 17. Kh1 e5 18. Rb1 exf4 19. Rxf4 Be5 20. Rf2 fxe4 21. Rxf8+
Qxf8 22. Nxe4 Qf4 23. Qg1 Bd7 24. Rf1 Qh4 25. Qf2 Qxf2 26. Rxf2 Bxb2 27. Nf6+
Kg7 28. Nxd7 Rd8 29. Bg4 Bd4 30. Re2 h5 31. Re7+ Kh6 32. Bf3 b6 33. h4 Bf2 34.
Nf6 Bxh4 35. Rh7+ Kg5 36. Ne4+ Kf4 37. Rf7+ Ke3 38. Kh2 Kxd3 39. Kh3 Be1 40.
Rf6 Kxc4 41. Nxd6+ Kb3 42. Re6 g5 43. Rxe1 g4+ 44. Bxg4 hxg4+ 45. Kxg4 Rxd6 46.
Re3+ Ka4 47. Rc3 Rd4+ 48. Kf5 Rd2 49. g4 Rg2 50. g5 Kb5 51. g6 Rf2+ 52. Ke6
Re2+ 53. Kf7 Rf2+ 54. Ke7 Re2+ 55. Kf7 Rf2+ 1/2-1/2

[Event "67. BEM 2013"]
[Site "Dortmund"]
[Date "2013.02.21"]
[Round "3.18"]
[White "Busse, Siegfried"]
[Black "Schwarz, Ingo"]
[Result "0-1"]
[WhiteElo "1298"]
[BlackElo "1875"]
[PlyCount "62"]
[EventDate "2013.??.??"]
[Source "SG Dortmund"]
[SourceDate "2004.12.16"]

1. e4 d5 2. e5 Nc6 3. d4 e6 4. a3 Qh4 5. Nf3 Qg4 6. Be3 f5 7. h3 Qg6 8. Nh4 Qf7
9. Be2 Be7 10. Nf3 f4 11. Bd2 Nh6 12. Nc3 O-O 13. Nh2 Nxd4 14. Bd3 c5 15. b3 a6
16. Na4 b5 17. Nb6 Rb8 18. Nxc8 Rfxc8 19. c3 Nc6 20. Nf3 c4 21. Bc2 cxb3 22.
Bxb3 Na5 23. Nd4 Nxb3 24. Nxb3 Qf5 25. Qe2 Bc5 26. O-O Nf7 27. Nd4 Bxd4 28.
cxd4 Rc4 29. Rac1 Rxd4 30. Rc6 Nxe5 31. Bc3 Nxc6 0-1

[Event "67. BEM 2013"]
[Site "Dortmund"]
[Date "2013.02.21"]
[Round "3.19"]
[White "Wangrin, Stefan A"]
[Black "Büdel, Jürgen"]
[Result "0-1"]
[WhiteElo "1213"]
[BlackElo "1637"]
[PlyCount "48"]
[EventDate "2013.??.??"]
[Source "SG Dortmund"]
[SourceDate "2004.12.16"]

1. c4 Nf6 2. Nc3 e6 3. g3 Nc6 4. Bg2 Be7 5. d3 O-O 6. Nf3 d5 7. Nd2 Ne5 8. cxd5
exd5 9. d4 Ng6 10. O-O c6 11. e4 dxe4 12. Ndxe4 Nxe4 13. Bxe4 Bh3 14. Re1 f5
15. Bh1 {(=)} 15... Bf6 16. Be3 Qd6 17. Qh5 Bg4 18. Ne4 Qd7 19. Qh6 gxh6 20.
Bxh6 fxe4 21. Bxf8 Rxf8 22. Bxe4 Bxd4 23. Rad1 Bxf2+ 24. Kg2 Bh3+ 0-1

[Event "67. BEM 2013"]
[Site "Dortmund"]
[Date "2013.02.21"]
[Round "3.20"]
[White "Grawe, Herbert"]
[Black "Skoecz, Horst"]
[Result "1-0"]
[WhiteElo "1450"]
[BlackElo "1183"]
[PlyCount "45"]
[EventDate "2013.??.??"]
[Source "SG Dortmund"]
[SourceDate "2004.12.16"]

1. Nc3 d5 2. e4 d4 3. Nce2 Nc6 4. Ng3 a6 5. a3 Nf6 6. f4 e5 7. f5 Nd7 8. Bc4
Na5 9. Ba2 c5 10. d3 b5 11. Nf3 Qc7 12. Bxf7+ Kxf7 13. Nh5 Kg8 14. O-O Nf6 15.
Ng5 Nxh5 16. Qxh5 h6 17. Ne6 Bxe6 18. fxe6 Qe7 19. Qg6 Qe8 20. Rf7 Nb7 21. Bd2
Nd6 22. Raf1 Be7 23. Qxg7# 1-0

[Event "67. BEM 2013"]
[Site "Dortmund"]
[Date "2013.02.25"]
[Round "4.1"]
[White "Kohlweyer, Bernd"]
[Black "Lauche, Christoph"]
[Result "1-0"]
[WhiteElo "2434"]
[BlackElo "1914"]
[PlyCount "35"]
[EventDate "2013.??.??"]
[Source "SG Dortmund"]
[SourceDate "2004.12.16"]

1. d4 d5 2. c4 Nc6 3. Nc3 dxc4 4. Nf3 Bg4 5. d5 Bxf3 6. exf3 Ne5 7. Bf4 Ng6 8.
Bg3 a6 9. Bxc4 Nf6 10. Qb3 b5 11. Be2 Nd7 12. Rd1 Nge5 13. O-O g6 14. a4 bxa4
15. Qxa4 f6 16. Bxe5 fxe5 17. f4 Bg7 18. Bg4 1-0

[Event "67. BEM 2013"]
[Site "Dortmund"]
[Date "2013.02.25"]
[Round "4.2"]
[White "Zachos, Ingo"]
[Black "Schmittdiel, Eckhard"]
[Result "0-1"]
[WhiteElo "1884"]
[BlackElo "2361"]
[PlyCount "64"]
[EventDate "2013.??.??"]
[Source "SG Dortmund"]
[SourceDate "2004.12.16"]

1. e4 c5 2. Nc3 e6 3. g3 Nc6 4. Bg2 g6 5. d3 Bg7 6. Nh3 h5 7. f4 Nge7 8. O-O d6
9. Be3 Nd4 10. Qd2 O-O 11. Rab1 Rb8 12. Ng5 f6 13. Nf3 e5 14. h3 b6 15. Nd1 Be6
16. b3 Qd7 17. Kh2 Nxf3+ 18. Rxf3 exf4 19. Bxf4 g5 20. Be3 d5 21. e5 d4 22. Bg1
g4 23. Rf2 fxe5 24. Qg5 gxh3 25. Be4 Nd5 26. Qxh5 Nf6 27. Rxf6 Rxf6 28. Bh7+
Kf8 29. Nf2 Rh6 30. Qf3+ Qf7 31. Qc6 Bd5 32. Qd6+ Rxd6 0-1

[Event "67. BEM 2013"]
[Site "Dortmund"]
[Date "2013.02.25"]
[Round "4.3"]
[White "Grube, Jörg"]
[Black "Kropp, Andreas"]
[Result "1/2-1/2"]
[WhiteElo "1789"]
[BlackElo "1908"]
[PlyCount "53"]
[EventDate "2013.??.??"]
[Source "SG Dortmund"]
[SourceDate "2004.12.16"]

1. e4 e5 2. d4 exd4 3. Qxd4 Nc6 4. Qa4 Bc5 5. Nc3 d6 6. Nf3 Bd7 7. Bb5 Nge7 8.
O-O O-O 9. Bg5 f6 10. Bh4 Kh8 11. Rad1 Qe8 12. Bg3 a6 13. Bxc6 Nxc6 14. Qb3 Na5
15. Qd5 Be6 16. Qd2 Nc4 17. Qc1 Bg4 18. Nd5 Rc8 19. Qf4 Bh5 20. b3 Ne5 21. Rfe1
g5 22. Qf5 Bg4 23. Bxe5 Bxf5 24. Nxf6 Qf7 25. Ba1 Bg6 26. Ng4+ Qg7 27. Bxg7+
1/2-1/2

[Event "67. BEM 2013"]
[Site "Dortmund"]
[Date "2013.02.25"]
[Round "4.4"]
[White "Zelt, Jens"]
[Black "Simon, Thomas"]
[Result "1-0"]
[WhiteElo "2066"]
[BlackElo "1778"]
[PlyCount "75"]
[EventDate "2013.??.??"]
[Source "SG Dortmund"]
[SourceDate "2004.12.16"]

1. d4 Nf6 2. Nf3 e6 3. c3 c5 4. Bf4 b6 5. e3 Bb7 6. Nbd2 Be7 7. h3 O-O 8. Be2
d6 9. O-O Nbd7 10. Qc2 Qc7 11. Rfd1 Rfe8 12. a4 a6 13. Ne1 e5 14. dxe5 dxe5 15.
Bh2 Qc6 16. Nc4 Bf8 17. Bf3 e4 18. Be2 Re6 19. Rd2 Rae8 20. Rad1 Bc8 21. Nd6
Bxd6 22. Rxd6 Rxd6 23. Rxd6 Qb7 24. Qb3 Qa7 25. Bc4 Ne5 26. Bxe5 Rxe5 27. Qxb6
Qxb6 28. Rxb6 Re8 29. Bxa6 Be6 30. Rc6 Rb8 31. Bb5 Rd8 32. Rxc5 Rd1 33. Kf1 g6
34. a5 Bb3 35. a6 Ra1 36. c4 Bc2 37. Ke2 Kg7 38. Nxc2 1-0

[Event "67. BEM 2013"]
[Site "Dortmund"]
[Date "2013.02.25"]
[Round "4.5"]
[White "Sonntag, Joachim"]
[Black "Schiefelbusch, Dirk"]
[Result "0-1"]
[WhiteElo "1799"]
[BlackElo "2061"]
[PlyCount "48"]
[EventDate "2013.??.??"]
[Source "SG Dortmund"]
[SourceDate "2004.12.16"]

1. e4 c6 2. d4 d5 3. Nc3 dxe4 4. Nxe4 Bf5 5. Ng3 Bg6 6. Nf3 Nd7 7. Bd3 Bxd3 8.
Qxd3 e6 9. O-O Ngf6 10. Re1 Be7 11. c4 O-O 12. Bf4 Re8 13. a3 a5 14. Rad1 Qb6
15. h3 Qxb2 16. Rb1 Qxa3 17. Rb3 Qa4 18. Rxb7 Rad8 19. Qe2 Bb4 20. Rb1 c5 21.
Rb5 cxd4 22. Nxd4 e5 23. Bxe5 Nxe5 24. Qb2 Nxc4 0-1

[Event "67. BEM 2013"]
[Site "Dortmund"]
[Date "2013.02.25"]
[Round "4.6"]
[White "Schmock, Sven"]
[Black "Begna, Bozidar"]
[Result "0-1"]
[WhiteElo "1779"]
[BlackElo "1929"]
[PlyCount "62"]
[EventDate "2013.??.??"]
[Source "SG Dortmund"]
[SourceDate "2004.12.16"]

1. d4 d6 2. Nf3 Nf6 3. Bg5 Ne4 4. Bh4 c5 5. dxc5 Qa5+ 6. c3 Qxc5 7. Qa4+ Qc6 8.
Qd4 Nd7 9. e3 e5 10. Qb4 d5 11. Qb5 Bd6 12. Nbd2 Ndc5 13. Qxc6+ bxc6 14. Be2
Na4 15. O-O-O Rb8 16. Nb3 Nec5 17. Nxc5 Nxc5 18. Bg3 f6 19. Nd2 Bf5 20. f3 Ke7
21. Bf2 Bd3 22. Rhe1 Bxe2 23. Rxe2 Nd3+ 24. Kc2 Nxb2 25. Rb1 Na4 26. e4 Rxb1
27. Nxb1 Rb8 28. Nd2 Rb2+ 29. Kd3 Rxa2 30. Bxa7 Nb2+ 31. Kc2 Nc4+ 0-1

[Event "67. BEM 2013"]
[Site "Dortmund"]
[Date "2013.02.25"]
[Round "4.7"]
[White "Schütz, Ralf"]
[Black "Cogan, Leonid"]
[Result "1-0"]
[WhiteElo "1848"]
[BlackElo "1725"]
[PlyCount "67"]
[EventDate "2013.??.??"]
[Source "SG Dortmund"]
[SourceDate "2004.12.16"]

1. e4 c5 2. Nf3 e6 3. d4 cxd4 4. Nxd4 a6 5. Be3 Nf6 6. Bd3 Qc7 7. Nd2 Nc6 8.
Nxc6 bxc6 9. f4 d5 10. e5 Nd7 11. O-O c5 12. c3 Bb7 13. Rc1 Be7 14. Qg4 g6 15.
Qh3 a5 16. Bb5 Bc6 17. Bxc6 Qxc6 18. Qh6 Bf8 19. Qh3 Bg7 20. Qf3 Rc8 21. Qd1
O-O 22. Nf3 f6 23. exf6 Bxf6 24. b4 Be7 25. bxc5 Bxc5 26. Nd4 Qd6 27. Qd2 e5
28. fxe5 Qxe5 29. Bh6 Rfe8 30. Rce1 Qd6 31. Qf2 Re7 32. Re3 Rce8 33. Kh1 Ne5
34. Qf8+ 1-0

[Event "67. BEM 2013"]
[Site "Dortmund"]
[Date "2013.02.25"]
[Round "4.8"]
[White "Tekin, Baran"]
[Black "Hoppe, Dirk"]
[Result "0-1"]
[WhiteElo "1709"]
[BlackElo "1843"]
[PlyCount "68"]
[EventDate "2013.??.??"]
[Source "SG Dortmund"]
[SourceDate "2004.12.16"]

1. d4 Nf6 2. Nf3 g6 3. c4 c5 4. d5 b5 5. cxb5 a6 6. b6 Qxb6 7. Nc3 Bg7 8. e4 d6
9. a4 O-O 10. a5 Qc7 11. Nd2 Nbd7 12. Be2 Bb7 13. O-O e6 14. Nc4 exd5 15. exd5
Rad8 16. Bf4 Ne5 17. Nb6 Nfd7 18. Nxd7 Rxd7 19. Qd2 Re8 20. Bh6 Bh8 21. f4 Rde7
22. fxe5 Rxe5 23. Bc4 Qd8 24. Rf4 Rh5 25. Rf3 Bc8 26. Bf4 Bd4+ 27. Kh1 Bg4 28.
Rff1 g5 29. Bg3 Re3 30. Bf2 Qe7 31. Rae1 Qe5 32. h4 Rh3+ 33. gxh3 Bf3+ 34. Kg1
Qg3# 0-1

[Event "67. BEM 2013"]
[Site "Dortmund"]
[Date "2013.02.25"]
[Round "4.9"]
[White "Schulz-Runge, Michael"]
[Black "Ziemek, Gerhard"]
[Result "0-1"]
[WhiteElo "1751"]
[BlackElo "1692"]
[PlyCount "63"]
[EventDate "2013.??.??"]
[Source "SG Dortmund"]
[SourceDate "2004.12.16"]

1. e4 c5 2. Bc4 Nc6 3. f4 e6 4. Nc3 Be7 5. d3 a6 6. a4 d6 7. Nf3 Nf6 8. O-O O-O
9. e5 dxe5 10. fxe5 Nxe5 11. Nxe5 Qd4+ 12. Kh1 Qxe5 13. Bf4 Qd4 14. Qf3 Ra7 15.
Rae1 b6 16. Be5 Qg4 17. Qf2 Bb7 18. Re3 Nh5 19. Ne4 Bd5 20. Bxd5 exd5 21. Nd6
f6 22. Nf5 Qxa4 {(=)} 23. Qf3 g6 24. Qxd5+ Kh8 25. b3 Qe8 26. Nd6 Qd7 27. Nf7+
Kg7 28. Nd6 Bxd6 29. Bxd6 Rf7 30. g3 Qb7 31. Qxb7 Rfxb7 ({
Moeglicherweise geschah statt dessen} 31... Raxb7 32. Bf4) 32. Bf4 {
und Weiss ueberschritt mit diesem letzten Zug die Zeit.} 0-1

[Event "67. BEM 2013"]
[Site "Dortmund"]
[Date "2013.02.25"]
[Round "4.10"]
[White "Kesselmeier, Klaus"]
[Black "Rzoczek, Christoph"]
[Result "1/2-1/2"]
[WhiteElo "1365"]
[BlackElo "1513"]
[PlyCount "65"]
[EventDate "2013.??.??"]
[Source "SG Dortmund"]
[SourceDate "2004.12.16"]

1. e4 d5 2. exd5 Qxd5 3. Nc3 Qd6 4. Nf3 Nf6 5. h3 c6 6. d4 e6 7. Bd3 Be7 8. O-O
Qd8 9. Ne4 Nxe4 10. Bxe4 Nd7 11. c3 h6 12. Re1 O-O 13. Bc2 Nf6 14. Ne5 c5 15.
Be3 Qc7 16. Ng4 Nxg4 17. Qxg4 f5 18. Bf4 fxg4 19. Bxc7 cxd4 20. hxg4 Bd7 21.
Be5 dxc3 22. Bxc3 Bc5 23. Re2 Rf4 24. a4 Rxg4 25. Be4 Rf8 26. Bxb7 Rgf4 27. Bf3
h5 28. b3 h4 29. Raa2 Kf7 30. Be5 Rb4 31. Rac2 Be7 32. Red2 Rc8 33. Rb2 1/2-1/2

[Event "67. BEM 2013"]
[Site "Dortmund"]
[Date "2013.02.25"]
[Round "4.11"]
[White "Winkler, Harald"]
[Black "Duschek, Günter"]
[Result "0-1"]
[WhiteElo "1323"]
[BlackElo "1488"]
[PlyCount "66"]
[EventDate "2013.??.??"]
[Source "SG Dortmund"]
[SourceDate "2004.12.16"]

1. d4 d5 2. Nf3 Nf6 3. e3 Bf5 4. c4 e6 5. cxd5 exd5 6. Nbd2 Be7 7. Be2 c6 8.
O-O h6 9. a3 Nbd7 10. Nb3 Qb6 11. Bd3 Bxd3 12. Qxd3 Ne4 13. Qc2 Ng5 14. Nxg5
hxg5 15. g3 Nf6 16. Kg2 Qc7 17. Rh1 Qc8 18. h3 g4 19. h4 Ne4 20. Qe2 f5 21. Nd2
Qe6 22. f3 gxf3+ 23. Qxf3 Bd6 24. Nxe4 fxe4 25. Qe2 Rf8 26. Rf1 Rxf1 27. Qxf1
Qg4 28. Qf2 O-O-O 29. Bd2 Rf8 30. Qe1 Rf3 31. Bb4 Rxg3+ 32. Kf1 Rg1+ 33. Kf2
Qg2# 0-1

[Event "67. BEM 2013"]
[Site "Dortmund"]
[Date "2013.02.25"]
[Round "4.13"]
[White "Schmidt, Andreas N"]
[Black "Raskin, Vitali"]
[Result "0-1"]
[WhiteElo "915"]
[BlackElo "1671"]
[PlyCount "59"]
[EventDate "2013.??.??"]
[Source "SG Dortmund"]
[SourceDate "2004.12.16"]

1. e4 c5 2. Nf3 g6 3. Bc4 Bg7 4. c3 Nc6 5. O-O e6 6. d4 cxd4 7. cxd4 d5 8. exd5
exd5 9. Bb3 Nge7 10. Nc3 O-O 11. Re1 Bg4 12. Bg5 h6 13. Bxe7 Nxe7 14. h3 Be6
15. Rc1 a6 16. Na4 b6 17. Ne5 Qd6 18. Nc3 Rac8 19. Re3 Nf5 20. Rf3 Nxd4 21.
Qxd4 Bxe5 22. Qd2 Kh7 23. Bxd5 Bxd5 24. Rd3 Bf4 25. Rxd5 Bxd2 26. Rxd6 Bxc1 27.
Nd5 Rfd8 28. Rxd8 Rxd8 29. Nxb6 Bxb2 30. Nc4 0-1

[Event "67. BEM 2013"]
[Site "Dortmund"]
[Date "2013.02.25"]
[Round "4.15"]
[White "Vogt, Christian"]
[Black "Böckmann, Lieselotte"]
[Result "1-0"]
[WhiteElo "1494"]
[BlackElo "938"]
[PlyCount "51"]
[EventDate "2013.??.??"]
[Source "SG Dortmund"]
[SourceDate "2004.12.16"]

1. Nf3 e6 2. g3 d5 3. Bg2 c5 4. d4 h6 5. O-O Nd7 6. c4 Ngf6 7. Nc3 dxc4 8. Qa4
Be7 9. Qxc4 O-O 10. Rd1 Ne8 11. dxc5 Bf6 12. Bf4 Nc7 13. Rab1 b6 14. c6 Ba6 15.
Qe4 Re8 16. Rxd7 Be7 17. Rxd8 Raxd8 18. Bxc7 Rc8 19. Bf4 Kh8 20. Qa4 Bf6 21.
Qxa6 Rxc6 22. Be5 Bxe5 23. Nxe5 Rc5 24. Nxf7+ Kg8 25. Qxa7 Kf8 26. Nd6 1-0

[Event "67. BEM 2013"]
[Site "Dortmund"]
[Date "2013.02.25"]
[Round "4.18"]
[White "Koch, Detlev"]
[Black "Grawe, Herbert"]
[Result "1-0"]
[WhiteElo "1312"]
[BlackElo "1450"]
[PlyCount "85"]
[EventDate "2013.??.??"]
[Source "SG Dortmund"]
[SourceDate "2004.12.16"]

1. e4 Nc6 2. Nf3 e5 3. Bb5 d6 4. d4 Bd7 5. Nc3 exd4 6. Nxd4 a6 7. Nxc6 bxc6 8.
Ba4 Nf6 9. O-O Ng4 10. Bf4 g5 11. Bg3 Bg7 12. Qd3 O-O 13. f3 Ne5 14. Qe2 f5 15.
f4 Ng4 16. h3 Bd4+ 17. Kh1 Nh6 18. Qc4+ d5 19. Qxd4 fxe4 20. Bb3 Nf5 21. Qf2
Qf6 22. Nxe4 Qh6 23. Nxg5 Kh8 24. Bh2 Qf6 25. c3 h6 26. Nf3 Rg8 27. Ne5 Be6 28.
Nxc6 Rg7 29. Nd4 Rxg2 30. Kxg2 Nh4+ 31. Kh1 Bxh3 32. Rg1 c6 33. Qe3 Bd7 34. Qg3
c5 35. Nf3 Nf5 36. Qg6 Qxg6 37. Rxg6 c4 38. Bc2 Ne3 39. Rc1 Re8 40. Ne5 Nxc2
41. Rxc2 Bf5 42. Rcg2 Be4 43. Rxh6+ 1-0

[Event "67. BEM 2013"]
[Site "Dortmund"]
[Date "2013.02.25"]
[Round "4.19"]
[White "Lassek, Harald"]
[Black "Busse, Siegfried"]
[Result "1/2-1/2"]
[WhiteElo "1290"]
[BlackElo "1298"]
[PlyCount "37"]
[EventDate "2013.??.??"]
[Source "SG Dortmund"]
[SourceDate "2004.12.16"]

1. e4 e5 2. Nf3 Nc6 3. Bc4 Nd4 4. c3 Nxf3+ 5. Qxf3 Nf6 6. d4 d6 7. Bg5 Be7 8.
Nd2 c6 9. O-O O-O 10. Rad1 Bg4 11. Qg3 Bxd1 12. Rxd1 Ne8 13. Bh6 Bf6 14. Nf3
Kh8 15. dxe5 gxh6 16. exf6 Qxf6 17. e5 dxe5 18. Nxe5 Nd6 19. Nd7 1/2-1/2